LEADER 01483nam a2200205 i 4500 001 000000224775 003 CaOOAMICUS 005 20131111000000.0 008 131111s1835 xx u000 u lat u 013 $a203673 040 $aSeMil$bita 245 10$aVol. 6. 300 $a1029 p. 490 0 $aCollectio selecta Ss. Ecclesiae Patrum : complectens exquisitissima opera tum dogmatica et moralia, tum apologetica et oratoria quae Parisiis incoepta et postmodum interrupta nunc accurantibus nonnullis sacrae eruditionis cultoribus continuatur 773 0 $aIoannes : Chrysostomus $tSancti patris Joannis Chrysostomi archiepiscopi constantinopolitani Opera.$dMediolani : Typis Antonii Fontana, 1831-1838.$kCollectio selecta Ss. Ecclesiae Patrum : complectens exquisitissima opera tum dogmatica et moralia, tum apologetica et oratoria quae Parisiis incoepta et postmodum interrupta nunc accurantibus nonnullis sacrae eruditionis cultoribus continuatur$g6$w()5516 830 0$aCollectio selecta Ss. Ecclesiae Patrum : complectens exquisitissima opera tum dogmatica et moralia, tum apologetica et oratoria quae Parisiis incoepta et postmodum interrupta nunc accurantibus nonnullis sacrae eruditionis cultoribus continuatur.$0(OLS)http://semarc/title/12635 850 $aSeMil 852 $aSeMil$W1$xVenegono$y1$m2S II 156 FA$j175121$B175121$CSeMilBibl$Z2$F185087 $8I 961 $aOmaggio: Martini Card. Carlo Maria 996 $6245$aVol. 6$9(OLS)http://semarc/title/108698 LEADER 01085nam a2200217 i 4500 001 000000030621 003 CaOOAMICUS 005 20240926124251.0 008 180830s19211923it u000 u ita u 040 $aSeMil$bita 100 1 $aQuintavalle, Ferruccio.$0(OLS)http://semarc/name/14100 245 10$aCronistoria della Guerra mondiale /$cFerruccio Quintavalle. 260 $aMilano :$bUlrico Hoepli,$c1921-1923. 300 $a2 v. (XXXIV, 800, 931 p.) ;$c16 cm. 650 4$aGuerra mondiale <1914-1918>.$0(OLS)http://semarc/subject/2579 774 0 $tDal congresso di Berlino (Luglio 1878) agli Armistizi (Novembre 1918).$dMilano : Ulrico Hoepli, 1921.$kManuali Hoepli$g1$w()233988 774 0 $tDagli Armistizi (Novembre 1918) alla firma dell'ultimo trattato di pace (Novembre 1920).$dMilano : Ulrico Hoepli, 1923.$kManuali Hoepli$g2$w()233989 830 0$aManuali Hoepli.$0(OLS)http://semarc/title/7639 996 $6245$aCronistoria della Guerra mondiale$9(OLS)http://semarc/title/41690 996 $6260$aMilano :$bUlrico Hoepli$9(OLS)http://semarc/publisher/29765